The William H. Brown Group annual review 1987-88 (Record no. 91521)

MARC details
000 -LEADER
fixed length control field 00591cam a2200229 4500
001 - CONTROL NUMBER
control field B1440
008 - FIXED-LENGTH DATA ELEMENTS--GENERAL INFORMATION
fixed length control field 090401t1988 xxu||||| |||| 00| 0 eng d
035 ## - SYSTEM CONTROL NUMBER
System control number (Sirsi) u44422
041 ## - LANGUAGE CODE
Language code of text/sound track or separate title eng
050 ## - LIBRARY OF CONGRESS CALL NUMBER
Classification number 333.3309425
110 ## - MAIN ENTRY--CORPORATE NAME
Corporate name or jurisdiction name as entry element William H. Brown
245 #4 - TITLE STATEMENT
Title The William H. Brown Group annual review 1987-88
260 ## - PUBLICATION, DISTRIBUTION, ETC.
Place of publication, distribution, etc. Sleaford,Lincs
Name of publisher, distributor, etc. William H. Brown
Date of publication, distribution, etc. 1988
300 ## - PHYSICAL DESCRIPTION
Extent 12p. : ill. ; 21x30cm.
350 ## - PRICE (NR) (BK AM CF MU VM SE) [OBSOLETE]
Price 2
650 ## - SUBJECT ADDED ENTRY--TOPICAL TERM
Topical term or geographic name entry element EAST MIDLANDS
650 ## - SUBJECT ADDED ENTRY--TOPICAL TERM
Topical term or geographic name entry element FARM LAND
650 ## - SUBJECT ADDED ENTRY--TOPICAL TERM
Topical term or geographic name entry element PROPERTY MARKET
650 ## - SUBJECT ADDED ENTRY--TOPICAL TERM
Topical term or geographic name entry element RESIDENTIAL PROPERTY
9 (RLIN) 6266
942 ## - ADDED ENTRY ELEMENTS (KOHA)
Suppress in OPAC 0
948 ## - LOCAL PROCESSING INFORMATION (OCLC); SERIES PART DESIGNATOR (RLIN)
c (OCLC) 04/03/1997
Holdings
Withdrawn status Lost status Source of classification or shelving scheme Damaged status Not for loan Home library Current library Shelving location Date acquired Cost, normal purchase price Total Checkouts Full call number Barcode Date last seen Copy number Cost, replacement price Price effective from Koha item type
    Dewey Decimal Classification     London London Property market reports 14/09/1999 2.00   LIBRARY ANNEXE 30030210 06/08/2019 1 2.00 06/08/2019 Book